=LDR 00000nam 2200000 4500 =001 INLIS000000000022563 =005 20140417115651.0 =006 =007 =008 Ind =035 ##$$0010-061300000022563 =041 ##$$a Ind =082 ##$$a 510.7 =090 ##$$a 510.7, Jen-j =100 ##$$a Buchori =245 ##$$a Jenius Matematika 3, untuk SMP/Mts kelas IX, Buchori =260 ##$$a 2005 $b Semarang =300 ##$$a v, 198 hlm., ilus, 28 cm =650 ##$$a Matematika =850 ##$$a NBPNMAT =990 ##$$a 21194760/BPAP-NTB/2014 =990 ##$$a 0001/BPAP-NTB/2016 =990 ##$$a 3612536125 =990 ##$$a 20614594 =990 ##$$a 94196/BPAP-NTB/2014 =990 ##$$a 21194760/BPAP-NTB/2014 =990 ##$$a 0001/BPAP-NTB/2016 =990 ##$$a 20614592 =990 ##$$a 94196/BPAP-NTB/2014 =990 ##$$a 21194760/BPAP-NTB/2014 =990 ##$$a 0001/BPAP-NTB/2016